Equipe Type OGC Nice saison 2025/2026 - Statistiques

Statistiques générales
  • Ce quiz a été pris 26 fois
    6 depuis la dernière actualisation
  • Le résultat moyen est 8 sur 11
Statistiques - réponses
% Correct
Yehvann Diouf
100%
Jonathan Clauss
83%
Melvin Bard
83%
Sofiane Diop
83%
Antoine Mendy
67%
Juma Bah
67%
Kojo Peprah Oppong
67%
Charles Vanhoutte
50%
Hicham Boudaoui
50%
Kevin Carlos
50%
Mohamed-Ali Cho
50%
Aucun quiz correspondant
Distribution des résultats
% des personnes avec chaque résultat
Percentile par nombre de réponses
Votre historique - résultats
Vous n’avez pas pris ce quiz depuis la dernière actualisation